[Event "ESP-ch U18"]
[Site "Spain"]
[Date "1997.??.??"]
[Round "7"]
[White "Ghanshyam, G."]
[Black "Higuero Caballero, Laura"]
[Result "1/2-1/2"]
[WhiteElo "1800"]
[BlackElo "1890"]
[PlyCount "98"]
[EventDate "1997.??.??"]
[EventType "swiss"]
[EventRounds "9"]
[EventCountry "ESP"]
[SourceTitle "EXT 2001"]
[Source "ChessBase"]
[SourceDate "2000.11.22"]
[SourceVersion "1"]
[SourceVersionDate "2000.11.22"]
[SourceQuality "1"]

1. e4 c5 2. Nf3 Nc6 3. d4 cxd4 4. Nxd4 g6 5. Nc3 Bg7 6. Nb3 Nf6 7. Be2 0-0 8. 0-0 d6 9. Be3 b6 10. Bf3 Ne5 11. Be2 Bb7 12. Bd3 Rc8 13. Nd2 d5 14. exd5 Nxd3 15. cxd3 Nxd5 16. Nxd5 Qxd5 17. Nf3 Bxb2 18. Rb1 Bf6 19. Qb3 Qh5 20. Qd1 Bxf3 21. Qxf3 Qxf3 22. gxf3 Rc7 23. a4 Rd8 24. Rfd1 Rc3 25. d4 Rc4 26. a5 bxa5 27. d5 a4 28. Rd2 a3 29. Rbd1 Rb8 30. Ra2 Ra4 31. Rd3 Bb2 32. Bc5 Rb7 33. Bxa3 Bxa3 34. Raxa3 Rxa3 35. Rxa3 Rd7 36. Kf1 Kg7 37. Ke2 Kf6 38. f4 Kf5 39. Ke3 h5 40. h3 g5 41. fxg5 Rxd5 42. Rxa7 Re5+ 43. Kf3 Kxg5 44. Kg3 h4+ 45. Kf3 Rf5+ 46. Ke3 e5 47. Ra4 Rf4 48. Rxf4 exf4+ 49. Ke4 f3 1/2-1/2